| 000 | 01122nkm a2200265 i 4500 | ||
|---|---|---|---|
| 001 | 3508 | ||
| 003 | ES-MaACL | ||
| 005 | 20250713062736.0 | ||
| 007 | khrbo | ||
| 008 | 051107s1985 sp --- g |001||spa d | ||
| 100 | 0 |
_aAlfonso, _d1902-1990 _919858 |
|
| 245 | 1 | 3 |
_aLa elección forzada en la vida y en la enseñanza de Jacques Lacan [ _hFotografía] / _cAlfonso (sello). |
| 260 |
_a[S.l. : _bs.n.], _c1985. |
||
| 300 |
_a4 fot. : _bb. y n. ; _c12 x 18 cm. |
||
| 500 | _aDatos basados en invitación. | ||
| 511 | 0 | _aIntervienen: Jacques Alain Miller. | |
| 518 | _aActo organizado por el Ateneo de Madrid y Correo del Campo Freudiano en España, celebrado en el salón de actos el sábado, 19 de octubre de 1985, a las 12:00 h. | ||
| 600 | 1 | 4 |
_aAlain Miller, Jacques. _919084 |
| 610 | 2 | 4 |
_aAteneo de Madrid- _xActos culturales- _y1985- _vFotografías. _91900 |
| 710 | 2 |
_aAteneo de Madrid. _91875 |
|
| 710 | 2 |
_aCorreo del Campo Freudiano en España. _93311 |
|
| 852 |
_aES-MaACL _jFOT 72/1985 |
||
| 856 | 4 |
_uhttp://www.ateneodemadrid.net/biblioteca_digital/imagenes/1985/0072-1985.jpg _zVer imagen |
|
| 999 |
_c3508 _d3508 |
||